| 000 | 00745nam a2200229 a 4500 | ||
|---|---|---|---|
| 001 | 44864 | ||
| 003 | BD-RjUL | ||
| 005 | 20211209053929.0 | ||
| 008 | 160720s1956 pk ||||| |||| 00| 0 ben d | ||
| 020 | _c: Tk.4.00 | ||
| 035 | _a(BD-RjUL)44982 | ||
| 040 |
_aBD-RjUL _bben _cBD-RjUL |
||
| 041 | _aben | ||
| 082 |
_223 _a891.443 _bRUS 1956 |
||
| 100 | 1 |
_aরুশদ, আবু _9137474 |
|
| 245 | 1 | 0 |
_aসামনে নূতন দিন / _cআবু রুশদ |
| 260 |
_aঢাকা : _bওষার্সী বুক সেন্টার, _c১৯৫৬ |
||
| 300 |
_a২৬৪ পৃ. ; _c১৭ সেমি. |
||
| 650 |
_aবাংলা উপন্যাস _9137475 |
||
| 650 |
_aBengali fiction _9137476 |
||
| 942 |
_2ddc _cBK |
||
| 999 |
_c44864 _d44864 |
||